<?xml version="1.0" encoding="UTF-8"?>
<collection xmlns="http://www.loc.gov/MARC21/slim">
 <record>
  <leader>01919cgm a2200361 a 4500</leader>
  <controlfield tag="001">00025041</controlfield>
  <controlfield tag="007">vd mvaizu             </controlfield>
  <controlfield tag="008">120426s2009    nju        i        eng d</controlfield>
  <datafield tag="020" ind1=" " ind2=" ">
   <subfield code="a">9780137044849</subfield>
  </datafield>
  <datafield tag="020" ind1=" " ind2=" ">
   <subfield code="a">0137044844</subfield>
  </datafield>
  <datafield tag="040" ind1=" " ind2=" ">
   <subfield code="a">BD-DhAAL</subfield>
   <subfield code="c">BD-DhAAL</subfield>
  </datafield>
  <datafield tag="082" ind1="0" ind2="4">
   <subfield code="a">005.2762</subfield>
   <subfield code="2">22</subfield>
  </datafield>
  <datafield tag="245" ind1="0" ind2="0">
   <subfield code="a">JavaScript fundamentals I and II </subfield>
   <subfield code="h">[videorecording] [DVD]  /</subfield>
   <subfield code="c">Instructor Paul J. Deitel. </subfield>
  </datafield>
  <datafield tag="250" ind1=" " ind2=" ">
   <subfield code="a">Version 1.0.</subfield>
  </datafield>
  <datafield tag="260" ind1=" " ind2=" ">
   <subfield code="a">[Upper Saddle River, NJ] :</subfield>
   <subfield code="b">Prentice Hall, </subfield>
   <subfield code="c">c2009.</subfield>
  </datafield>
  <datafield tag="300" ind1=" " ind2=" ">
   <subfield code="a">2 DVD-ROMs (ca. 840 min.) :</subfield>
   <subfield code="b">sd., col. ;</subfield>
   <subfield code="c">4 3/4 in.</subfield>
  </datafield>
  <datafield tag="390" ind1=" " ind2=" ">
   <subfield code="a">u </subfield>
   <subfield code="b">2.</subfield>
  </datafield>
  <datafield tag="490" ind1="1" ind2=" ">
   <subfield code="a">LiveLessons</subfield>
  </datafield>
  <datafield tag="500" ind1=" " ind2=" ">
   <subfield code="a">Title from container.</subfield>
  </datafield>
  <datafield tag="511" ind1="0" ind2=" ">
   <subfield code="a">Instructor, Paul J. Deitel.</subfield>
  </datafield>
  <datafield tag="520" ind1=" " ind2=" ">
   <subfield code="a">This program will show you how to start building hot new JavaScript and Ajax applications. Watch and learn core JavaScript techniques, including control statements, functions, arrays, objects, events, CSS, and DOM. Then, building on the basics, master scripting with XML and RSS -- and start building the Ajax-rich Internet applications that are taking the Web by storm.</subfield>
  </datafield>
  <datafield tag="538" ind1=" " ind2=" ">
   <subfield code="a">System requirements for Windows: 500 MHz or higher CPU; 128 MB RAM or more; Windows 2000/XP/Vista; DVD drive; 1280 x 960 or higher display; sound card with speakers.</subfield>
  </datafield>
  <datafield tag="538" ind1=" " ind2=" ">
   <subfield code="a">System requirements for Macintosh: 500 MHz or higher CPU; 128 MB RAM or more; Mac OS X; DVD drive; 1280 x 960 or higher display; sound card with speakers.</subfield>
  </datafield>
  <datafield tag="541" ind1=" " ind2=" ">
   <subfield code="e">00025041</subfield>
  </datafield>
  <datafield tag="592" ind1=" " ind2=" ">
   <subfield code="a">DVD-R643.</subfield>
  </datafield>
  <datafield tag="650" ind1=" " ind2="0">
   <subfield code="a">JavaScript (Computer program language)</subfield>
  </datafield>
  <datafield tag="650" ind1=" " ind2="0">
   <subfield code="a">Web site development.</subfield>
  </datafield>
  <datafield tag="700" ind1="1" ind2=" ">
   <subfield code="a">Deitel, Paul J.</subfield>
  </datafield>
  <datafield tag="710" ind1="2" ind2=" ">
   <subfield code="a">Prentice-Hall, inc.</subfield>
  </datafield>
  <datafield tag="830" ind1="0" ind2=" ">
   <subfield code="a">LiveLessons.</subfield>
  </datafield>
  <datafield tag="852" ind1="1" ind2=" ">
   <subfield code="a">Ayesha Abed Library </subfield>
   <subfield code="c">General Shelf.</subfield>
  </datafield>
  <datafield tag="999" ind1=" " ind2=" ">
   <subfield code="c">12124</subfield>
   <subfield code="d">12124</subfield>
  </datafield>
  <datafield tag="952" ind1=" " ind2=" ">
   <subfield code="0">0</subfield>
   <subfield code="1">0</subfield>
   <subfield code="2">ddc</subfield>
   <subfield code="4">0</subfield>
   <subfield code="6">005_276200000000000_JAV</subfield>
   <subfield code="7">0</subfield>
   <subfield code="9">20086</subfield>
   <subfield code="a">BRACUL</subfield>
   <subfield code="b">BRACUL</subfield>
   <subfield code="c">AV</subfield>
   <subfield code="d">2012-04-25</subfield>
   <subfield code="e">Parama Publishers</subfield>
   <subfield code="g">6849.32</subfield>
   <subfield code="l">3</subfield>
   <subfield code="o">005.2762 JAV</subfield>
   <subfield code="p">4010025041</subfield>
   <subfield code="r">2016-04-08</subfield>
   <subfield code="s">2016-04-05</subfield>
   <subfield code="t">1</subfield>
   <subfield code="w">2012-04-27</subfield>
   <subfield code="y">AV</subfield>
  </datafield>
 </record>
</collection>
